| 000 | 00420nam a22001697a 4500 | ||
|---|---|---|---|
| 005 | 20260401123000.0 | ||
| 008 | 160618b xxu||||| |||| 00| 0 eng d | ||
| 020 | _a81-297-0422-6 | ||
| 041 | _aeng | ||
| 082 | _b658.872 | ||
| 100 |
_a Stephen Spenelli _98917 |
||
| 245 | _aFranchising: Pathway to Wealth Creation | ||
| 260 |
_aDelhi _bPearson Education _c2004 |
||
| 300 | _a222 | ||
| 650 | _aManagement | ||
| 942 | _cBK | ||
| 999 |
_c3034 _d3033 |
||